|
|
|
|
| LEADER |
01155nam a22003137a 4500 |
| 001 |
35423 |
| 003 |
BD-DhAAL |
| 005 |
20211206113550.0 |
| 008 |
200119t1998 xxua 000 0 eng d |
| 999 |
|
|
|c 42167
|d 42167
|
| 020 |
|
|
|a 0028252160
|
| 020 |
|
|
|a 0028252195
|
| 020 |
|
|
|a 9780028252162
|
| 040 |
|
|
|a BD-DhAAL
|
| 082 |
0 |
0 |
|a 510
|2 23
|
| 110 |
1 |
|
|a Glencoe
|9 29113
|
| 245 |
1 |
0 |
|a Mathematics :
|b applications and connections.
|p course 1 /
|c William Collins ... [et al.].
|
| 250 |
|
|
|a California edition.
|
| 260 |
|
|
|a New York :
|b Glencoe/McGraw-Hill,
|c c1998.
|
| 300 |
|
|
|a xx, 624 pages ;
|b illustrations ;
|c 28 cm.
|
| 500 |
|
|
|a Includes index.
|
| 526 |
|
|
|a BIED
|
| 541 |
1 |
|
|a Complimentary copy from BIED
|e 35423
|
| 650 |
|
0 |
|a Mathematics
|x Study and teaching.
|9 29114
|
| 700 |
|
|
|a Collins, William
|9 36148
|
| 710 |
|
|
|a Glencoe/McGraw-Hill
|9 36149
|
| 852 |
4 |
|
|a Ayesha Abed Library
|j BIED Collection
|
| 942 |
|
|
|2 ddc
|c BK
|
| 952 |
|
|
|0 0
|1 0
|2 ddc
|4 0
|6 510_000000000000000_MAT
|7 0
|9 67733
|a BRACUL
|b BRACUL
|c GEN
|d 2020-01-19
|e Complimentary copy from BIED
|l 2
|m 15
|o 510 MAT
|p 3010035423
|r 2024-06-09
|s 2024-05-30
|t 1
|w 2020-01-19
|y BK
|x Transferred from BIED to General Stacks
|